|
|
|
|
| LEADER |
00944nam a2200265Ia 4500 |
| 008 |
240830s9999 xx 000 0 und d |
| 040 |
|
|
|a CEDOC DACA-RUSB / T.Mon 663.63 C266
|
| 041 |
|
|
|a spa
|
| 082 |
|
|
|a T.Mon 663.63 C266
|
| 100 |
1 |
|
|a Cárdenas Galo, Norlan Alberto
|
| 100 |
1 |
|
|b Jonto Talavera Blandón, Jonton Josuén
|
| 100 |
1 |
|
|c Navarro López, Elieth del Socorro
|
| 245 |
1 |
0 |
|a Elaboración de productos obtenidos a partir de Guanabana
|
| 260 |
|
|
|a Managua
|b UNI
|c 2013
|
| 300 |
|
|
|a 45 p. :il
|
| 502 |
|
|
|a Tesis (Ingeniero Químico) -UNI, 2013.
|
| 650 |
7 |
|
|a ELABORACION- PRODUCTOS - INDUSTRIA GUANABANA
|
| 650 |
7 |
|
|b MICROBIOLOGIA DE LOS NECTARES.
|
| 650 |
7 |
|
|c PROCESO DE ELABORACION - ZUMOS NECTARES DE FRUTA.
|
| 650 |
7 |
|
|d EVALUACION ECONOMICA - PRODUCCION- NECTARES DE FRUTA.
|
| 650 |
7 |
|
|e GUANABANA
|
| 700 |
1 |
|
|a Tutor:
|b Sánchez Christoffle, Maritza del Socorro
|
| 942 |
|
|
|c BK
|2 ddc
|
| 991 |
|
|
|a TESIS
|
| 999 |
|
|
|c 26090
|